Group decision support with the Analytic Hierarchy Process.
Analytický hierarchický proces (AHP) sa aplikuje pri skupinovom rozhodovaní, pričom má mnohé výhodné vlastnosti ako syntetizujúci mechanizmus skupinového rozhodovania. Vysvetlenie, prečo sa AHP na tieto účely tak dobre hodí. Poukaz na to, že AHP možno využiť v mnohých kontextoch. Analýza štyroch prí...
Salvato in:
| Autore principale: | |
|---|---|
| Altri autori: | |
| Natura: | Capitolo di libro |
| Lingua: | inglese |
| Soggetti: | |
| Tags: |
Nessun Tag, puoi essere il primo ad aggiungerne!!
|
MARC
| LEADER | 00000naa a2200000 4500 | ||
|---|---|---|---|
| 001 | r009985 | ||
| 005 | 20221130112707.8 | ||
| 041 | 0 | |a eng | |
| 044 | |a NL | ||
| 245 | 1 | 0 | |a Group decision support with the Analytic Hierarchy Process. |c R.F. Dyer, E.H. Forman |
| 520 | |a Analytický hierarchický proces (AHP) sa aplikuje pri skupinovom rozhodovaní, pričom má mnohé výhodné vlastnosti ako syntetizujúci mechanizmus skupinového rozhodovania. Vysvetlenie, prečo sa AHP na tieto účely tak dobre hodí. Poukaz na to, že AHP možno využiť v mnohých kontextoch. Analýza štyroch príkladov. Úvod do systému. | ||
| 610 | 2 | 0 | |a AHP |
| 610 | 2 | 0 | |a systémy podporné rozhodovacie |
| 610 | 2 | 0 | |a DSS |
| 610 | 2 | 0 | |a rozhodovanie |
| 100 | 1 | |a Dyer, R.F. | |
| 700 | 1 | |a Forman, E.H. | |